| 000 | 01126cam a2200349 i 4500 | ||
|---|---|---|---|
| 001 | 015706446 | ||
| 003 | EG-ScBUE | ||
| 005 | 20260301094836.0 | ||
| 008 | 101126t2012 nyua f bd 001 0 eng d | ||
| 020 | _a9781429276344 (hbk.) | ||
| 020 | _a1429276347 (hbk.) | ||
| 040 |
_aStDuBDS _beng _erda _cStDuBDS _dEG-ScBUE |
||
| 082 | 0 | 4 |
_a576.5 _222 _bINT |
| 245 | 0 | 0 |
_aIntroduction to genetic analysis / _cAnthony J. F. Griffiths [and three others] |
| 250 | _aTenth edition. | ||
| 250 | _aInternational edition. | ||
| 264 | 1 |
_aNew York : _bW. H. Freeman and Company, _c[2012] |
|
| 264 | 4 | _cc2012 | |
| 300 |
_axxi, 802 pages : _billustrations ; _c24 cm |
||
| 336 |
_2rdacontent _atext _btxt |
||
| 337 |
_aunmediated _2rdamedia _bn |
||
| 338 |
_avolume _bnc _2rdacarrier |
||
| 500 | _aPrevious ed. : 2008. | ||
| 500 | _aIncludes glossary. | ||
| 504 | _aIncludes bibliographical references and index. | ||
| 650 | 7 |
_aGenetics. _2BUEsh _923979 |
|
| 650 | 7 |
_aMolecular genetics. _2BUEsh _938915 |
|
| 653 |
_bPPhrm _cMarch2016 |
||
| 655 | _vReading book | ||
| 700 | 1 |
_aGriffiths, Anthony J. F., _eauthor. |
|
| 942 |
_2ddc _cBB |
||
| 999 |
_c21460 _d21432 |
||